| 000 | 00659nam a2200205 i 4500 | ||
|---|---|---|---|
| 001 | 43671 | ||
| 003 | ES-MaACL | ||
| 005 | 20230906160845.0 | ||
| 007 | t| | ||
| 008 | 030318s1878 sp ||||1| spa d | ||
| 111 | 2 |
_aExposición Nacional de Bellas Artes ( _d1878. _cMadrid) _9137470 |
|
| 245 | 1 | 0 | _aCatálogo de la Exposición General de Bellas Artes de 1878. |
| 260 |
_aMadrid : _b[s.n.], _c1878 ( _fTip. Perojo) |
||
| 300 |
_a110 p. ; _c18 cm. |
||
| 650 | 4 |
_aArte español- _yS.XIX- _vExposiciones. _9138900 |
|
| 655 | 7 |
_2tgfbne _9193628 _aCatálogos de exposiciones |
|
| 852 |
_aES-MaACL _jT-283-F-4 |
||
| 942 | _2udc | ||
| 999 |
_c43671 _d43671 |
||